Can You Guess The Chicken Breed With Its Picture? - Statistics

General Stats
  • This quiz has been taken 78 times
  • The average score is 5 of 16
Answer Stats
Picture Answer % Correct
Rhode Island Red
86%
Silkie
82%
Leghorn
72%
Buff Orpington
50%
Brahma
44%
Cornish
36%
Barnevelder
26%
Barred Plymouth rock
22%
Americauna
18%
Minorca
16%
Black Sexlink
12%
Golden Comet
10%
Black Star
8%
Amber White
6%
Saphire Olive Egger
6%
Golden Sexlink
4%
No matching quizzes found
Score Distribution
Percent of People with Each Score
Percentile by Number Answered
Your Score History
You have not taken this quiz